Report of the labor force survey whole kingdom. Round 3 august 1991

Gespeichert in:
Bibliographische Detailangaben
Format: Buch
Sprache:Englisch
Thailändisch
Veröffentlicht: Bangkok National Statistical Office 1991
Schlagworte:
Tags: Tag hinzufügen
Keine Tags, Fügen Sie das erste Tag hinzu!

MARC

LEADER 00000nam a2200000 4500
001 c100304
005 20221123102332.7
022 |a 0858-0200 
041 0 |a eng 
041 0 |a tha 
044 |a TH 
245 1 0 |a Report of the labor force survey whole kingdom. Round 3  |b august 1991 
264 1 |a Bangkok  |b National Statistical Office  |c 1991 
300 |a 61, 371 s. 
610 2 0 |a štatistika 
610 2 0 |a štatistika síl pracovných 
610 2 0 |a Thajsko